000 00843 a2200229 4500
003 UA-OsUOA
005 20230124094858.0
008 230124b un ||||| |||| 00| 0 ukr d
020 _a9668331001
040 _aUA-OsUOA
_bukr
_cUA-OsUOA
_dUA-OsUOA
041 _aukr
080 _a821.161.2
090 _a821.161.2
_bП37
100 _aПлачинда С. П.
245 _aКозаки в Дюнкерку
_bісторичні фрески
_cСергій Плачинда
260 _aК.
_bДІОКОР
_c2003
300 _a140 с.
_bіл.
650 _2UDC
_a821 Художня література окремими мовами і мовними сім'ями
942 _cBK
_2udc
955 _a3
999 _c573662
_d573662